| 000 | 00415cam a2200169ua 4500 | ||
|---|---|---|---|
| 020 | _c1.50 | ||
| 041 |
_amal _h |
||
| 082 |
_a332.1 _bLEK/SA |
||
| 100 | _aLakshmana Panikkar, K S. | ||
| 245 |
_aSampatika vikasam / _cK S Lakshmana Panikkar. _hTextual Documents |
||
| 260 |
_a : _bK S Lakshmana Panikkar , _c1960. |
||
| 300 | _a96 ; . | ||
| 365 | _a1.50 | ||
| 504 | _a | ||
| 942 | _cBK | ||
| 999 |
_c5963 _d5963 |
||